Najtrudniejszy quiz o Afryce - Statystyki

Ogólne statystyki
  • Ten quiz został rozwiązany 29 razy
    18 od ostatniego zresetowania
  • Średni wynik to 5 z 10
Statystyki odpowiedzi
Zagadnienie Odpowiedź % Poprawnych
Waluta Ghany jest: a) Cedi
100%
Czym trudnią się buszmeni? b) łowiectwem i zbieractwem
100%
Aszanci uważają, iż swoje własne duchy posiadają: a) drzewa
50%
W XV w. Portugalczycy nazwali tereny dzisiejszej Liberii: a) Wybrzeżem Pieprzowym
50%
Jaka nazywa się stolica Zimbabwe? b) Harare
50%
Sundżacie Keïta (Sundiata Keïta) był legendarnym władcą: b) imperium Mali
50%
W afrykańskich Kościołach niezależnych niezwykle ważne miejsce zajmują: uzdrowienia i objawienia
50%
Moussa Traoré, który nazwał papieża Jana Pawła II „pielgrzymem pokoju, sprawiedliwości i wolności”, był prezydentem: a) Ghany
0%
W której części Afryki znaleziono najwcześniejsze ślady hominidów? a) w Tanzanii i w Kenii
0%
Azande, Bazanie lub Zande są wielkim ludem, liczącym ok. półtora miliona osób, zamieszkującym na terenach: Demokratycznej Republiki Kongo
0%
Nie znaleziono quizów pasujących do podanych kryteriów
Rozkład punktacji
Procent ludzi z każdym wynikiem
Percentyl według liczby udzielonych odpowiedzi
Twoja historia wyników
Nie rozwiązałeś tego quizu od ostatniego zresetowania